000 00770nab a22002417a 4500
001 22095
003 HDC
007 cr bn ---aaaaa
008 210128c20150824my ||||| |||| 00| 0 may d
040 _aHDC
100 _aAdha Ghazali ,
_eauthor
_915108
245 0 _aSyor agri-solar di setiap negeri /
_cAdha Ghazali [and two others]
336 _atext
_2rdacontent
337 _acomputer
_2rdamedia
338 _aonline resource
_2rdacarrier
650 _aFiesta
_919268
650 _aTechnology
_94714
710 _aBerita Harian
856 _zRequest full-text at [email protected]
942 _2lcc
942 _cNEWS
942 _kNWSC 006472
999 _c19411
_d19411